00435nam a22000977a 4500082002000000245020200020260004200222300002100264563001500285650003700300 a345.491066bBAN aThe Banking Companies Ordinance, 1962:bThe Financial Institutions (Recovery of Finances) Ordinance, 2001 and The Financial Institutions (Recovery of Finance) Rules, 2018 / cP.L.H. Bare Act Series aKarachi :bPakistan Law House,c2022. a158 p. ;c25 cm. aHardcover. aLaw, Banking Companies Ordinance